000 00320nam a22001337a 4500
008 170529b xxu||||| |||| 00| 0 eng d
020 _a9780312466633
041 _aeng
080 _a94
100 _a25
101 _aSHH
245 _aTHE MAKING OF THE WEST PEOPLES SND CULTURES
_cHUNT.L
942 _2udc
_cBK
999 _c14905
_d14905